000 00598ntaaa2200193 4500
003 01
005 20251027202908.0
008 0714s1973 ag 01
040 _aAR-BaBN
_bspa
_cAR-BaBN
_eaacr
_dRIC
082 _a922.8000 El5
100 _aEllis, William T
_929399
245 _aBilly Sunday
250 _a1 ed.
260 _aPhiladelphia :
_bJohn C Winston Company,
_cc1936
300 _axvi, 519 p
500 _aIncluding Mr Sunday's autobiography, a concluding chapter by Mrs William A Sunday and a yoke fellow's tribute by Homer A Rodeheaver
650 _aSunday, Billy
_929400
942 _cBK
999 _c24235
_d24235